| 000 | 00366nam a2200157Ia 4500 | ||
|---|---|---|---|
| 008 | 230524s9999 xx 000 0 und d | ||
| 082 |
_a621.152 _bKRI |
||
| 100 |
_aN.K.Bairagi _915671 |
||
| 245 | 0 | _aShell Analysis | |
| 250 | _a1ST | ||
| 260 |
_aNEW DELHI _bKhanna _c2001 |
||
| 300 | _a426 | ||
| 500 | _aQuantity Number: 1 | ||
| 650 | _aElectronics | ||
| 942 | _cBK | ||
| 999 |
_c23781 _d23781 |
||